Central Library OPAC University of Rajshahi

Identification and child rearing / (Record no. 29672)

MARC details
000 -LEADER
fixed length control field 01119nam a22003131 4500
001 - CONTROL NUMBER
control field 29672
003 - CONTROL NUMBER IDENTIFIER
rucl marc code BD-RjUL
005 - DATE AND TIME OF LATEST TRANSACTION
control field 20211209051437.0
008 - FIXED-LENGTH DATA ELEMENTS--GENERAL INFORMATION
fixed length control field 140406s1965 cau b 001 0 eng d
035 ## - SYSTEM CONTROL NUMBER
System control number (BD-RjUL)29757
System control number (OCoLC)183720
040 ## - CATALOGING SOURCE
Original cataloging agency DLC
Transcribing agency OWibfC
Modifying agency OCoLC
-- NBrockU
-- DLC
-- BD-RjUL
Language of cataloging eng
041 ## - LANGUAGE CODE
Language code of text/sound track or separate title eng
082 00 - DEWEY DECIMAL CLASSIFICATION NUMBER
Classification number 155.423
Author mark and year SEI 1965
100 1# - MAIN ENTRY--PERSONAL NAME
Personal name Sears, Robert R.
Fuller form of name (Robert Richardson)
9 (RLIN) 88235
245 10 - TITLE STATEMENT
Title Identification and child rearing /
Statement of responsibility, etc. by Robert R. Sears, Lucy Rau and Richard Alpert.
260 ## - PUBLICATION, DISTRIBUTION, ETC. (IMPRINT)
Place of publication, distribution, etc. Stanford, Calif. :
Name of publisher, distributor, etc. Stanford University Press,
Date of publication, distribution, etc. 1965.
300 ## - PHYSICAL DESCRIPTION
Pagination xiii, 383 p. :
Size 23 cm.
500 ## - GENERAL NOTE
General note "Completed with the aid of a grant (MH5398) from the National Institutes of Health."
504 ## - BIBLIOGRAPHY, ETC. NOTE
Bibliography, etc Bibliography: p. [371]-374. and index.
650 #0 - SUBJECT ADDED ENTRY--TOPICAL TERM
Topical term or geographic name as entry element Child rearing.
9 (RLIN) 16818
Topical term or geographic name as entry element Identification (Psychology)
9 (RLIN) 90371
700 1# - ADDED ENTRY--PERSONAL NAME
Personal name Ferguson, Lucy Rau,
Dates associated with a name 1930-
Relator term joint author.
Personal name Ram Dass,
Relator term joint author.
942 ## - ADDED ENTRY ELEMENTS (KOHA)
Source of classification or shelving scheme Dewey Decimal Classification
Koha item type Books
Holdings
Lost status Source of classification or shelving scheme Damaged status Not for loan Collection code Permanent Location Current Location Shelving location Date acquired Source of acquisition Total Checkouts Full call number Date last seen Copy number Koha item type Cost, normal purchase price
  Dewey Decimal Classification     Non-fiction Central Library, University of Rajshahi Central Library, University of Rajshahi   21/08/1990 Asia Foundation, Gift.   155.423 SEI 1965 06/04/2014 C-2 Books  
  Dewey Decimal Classification   Not For Loan Non-fiction Central Library, University of Rajshahi Central Library, University of Rajshahi Reading Room 09/08/1973 Mitali Prakashani   155.423 SEI 1965 20/03/2017 C-1 Books 80.50
  Dewey Decimal Classification     Non-fiction Central Library, University of Rajshahi Central Library, University of Rajshahi   21/08/1990 Asia Foundation   155.423 SEI 1965 01/04/2017 C-3 Books